Inhibítory aldózareduktázy v prevencii šírenia zápalu

Saved in:
Bibliographic Details
Main Author: Ledecká, Lenka (Author)
Other Authors: Šoltésová Prnová, Marta (Thesis advisor)
Format: Manuscript Book
Language:Slovak
Published: 2015
Subjects:
Online Access:http://is.stuba.sk/zp/portal_zp.pl?podrobnosti=101198
Tags: Add Tag
No Tags, Be the first to tag this record!

MARC

LEADER 00000ntm a22000003a 4500
001 stuzp52543
003 SK-STU
005 20160719154215.3
007 ta
008 150427s2015----xo-----f-mn---000-0-slo-d
040 |a STU  |b slo 
041 0 |a slo 
100 1 |a Ledecká, Lenka  |u 044310  |4 aut  |U FCHPT Ústav biotechnológie a potravinárstva  |T FCHPT Oddelenie biochemickej technológie  |X 60396  |U C4310  |Y 116  |7 60396 
242 0 1 |a Inhibitors of aldose reductase in prevention of inflammation  |y eng 
245 1 0 |a Inhibítory aldózareduktázy v prevencii šírenia zápalu 
260 |c 2015 
650 4 |a aldózareduktáza  |2 slo 
650 4 |a zápal  |2 slo 
650 4 |a HNE  |2 slo 
650 4 |a aldose reductase  |2 eng 
650 4 |a inflammation  |2 eng 
650 4 |a HNE  |2 eng 
700 1 |a Šoltésová Prnová, Marta  |4 ths  |X 26431  |7 26431 
856 4 |u http://is.stuba.sk/zp/portal_zp.pl?podrobnosti=101198 
SQL |a stuzp52543  |b DBP  |c SLO  |d Inhibítory aldózareduktázy v prevencii šírenia zápalu  |e 60396  |f Ledecká, Lenka  |g 044310  |h 26431  |i Šoltésová Prnová, Marta  |j 20150714  |k 752  |l 04  |m http://is.stuba.sk/zp/portal_zp.pl?podrobnosti=101198  |n B-BIOPOT  |o 5.2.25. biotechnológie